Vista normal Vista MARC

Entrada Corporate Name

Número de registros utilizados en: 1

001 - CONTROL NUMBER

  • control field: 40101

003 - CONTROL NUMBER IDENTIFIER

  • control field: OSt

005 - DATE AND TIME OF LATEST TRANSACTION

  • control field: 20210907131031.0

008 - FIXED-LENGTH DATA ELEMENTS

  • fixed length control field: 210907|| aca||aabn | a|a d

040 ## - CATALOGING SOURCE

  • Original cataloging agency: OSt
  • Transcribing agency: OSt

110 ## - HEADING--CORPORATE NAME

  • Corporate name or jurisdiction name as entry element: Federación Nacional de Cultivadores de Palma

670 ## - SOURCE DATA FOUND

  • Source citation: Work cat.: (OSt)12369: Mesa Dishington, Jens, autor 28041, Lo gremial, pilar del desarrollo palmero / , 2009.